|
|
|
|
| LEADER |
00000nab a2200000 ar4500 |
| 001 |
vtls010624305 |
| 003 |
SK-MaSNL |
| 005 |
20260303212946.0 |
| 008 |
140925c2014 xo |r|p||| |000 b|eng |
| 015 |
|
|
|a SNBRB2014/09
|
| 038 |
|
|
|a SPK
|
| 040 |
|
|
|a SPKCL
|b slo
|c AACR2
|e AACR2
|
| 041 |
0 |
|
|a eng
|b eng
|
| 044 |
|
|
|a xo
|c SK
|
| 072 |
|
7 |
|a 37
|x Výchova a vzdelávanie
|2 konspekt
|
| 072 |
|
7 |
|a 373.5/.6
|x Stredné školy
|2 konspekt
|
| 080 |
|
|
|a 37.017.4
|2 2001
|
| 080 |
|
|
|a 373.5/.6
|2 2001
|
| 100 |
1 |
|
|a Paoletti Phillips, Dora
|4 aut
|9 1246279
|
| 245 |
1 |
0 |
|a Embodied civic education: The corporeality of a civil body politic
|c Dora Paoletti Phillips
|
| 504 |
|
|
|a Bibliogr. odkazy
|
| 546 |
|
|
|a Res. angl.
|
| 650 |
0 |
7 |
|a stredné školy
|2 SNKPH
|9 1279
|
| 650 |
0 |
7 |
|a náuka o spoločnosti
|2 SNKPH
|9 67462
|
| 773 |
0 |
|
|t Journal of Pedagogy
|g Roč. 4, č. 1(2014), s. 90-114
|x 1338-1563
|
| 852 |
|
|
|a SPK
|b KIS3GCP
|
| 958 |
|
|
|a NB
|2 spk
|
| 999 |
|
|
|c 2209927
|d 2211857
|